00577nam a22001577a 450000500170000000800410001708200180005810000230007624500580009926000590015730000100021665000150022694200070024199900170024895201540026520260414111240.0260414b |||||||| |||| 00| 0 eng d a297.27bMUH-I aMuhammad Umar Riaz aIslam and Wildlife : Right, Well-Being and Treatment  aPakistan bMinhaj ul Quran Publications, Lahore c2021 a93 p. aEducation  cBK c47305d47305 00w2026-04-141040708EducationaAUSCbAUSCcEducationd2026-04-14eGifted by Dr. Sadaf Zamir l0o297.27 MUH-IpAUHEG0034r2026-04-14 11:13:32yBK